000 00201 a2200097 4500
001 27894
100 _aPriestley, H
245 _aChildren's dictionary
260 _a
_bHamlyn
_c
090 _c18631
_d18631
942 _aNUST-CAE
_cM
_c9593
999 _c262967
_d262967